After You - Pulp - All Lyrics - Statistics

General Stats
  • This quiz has been taken 8 times
  • The average score is 113 of 253
Answer Stats
Lyrics % Correct
a
100%
I
100%
ho
86%
the
86%
The
86%
After
71%
and
71%
to
71%
to,
71%
To
71%
was
71%
when
71%
you.
71%
you
71%
you -
71%
be
57%
if
57%
it
57%
She
57%
she-
57%
she
57%
so
57%
So
57%
we
57%
what
57%
are
43%
as
43%
But
43%
by
43%
death
43%
earth,
43%
for,
43%
for
43%
go.
43%
in
43%
In
43%
it's
43%
It's
43%
knew
43%
last
43%
me.
43%
naked
43%
night
43%
night.
43%
no,
43%
Oh,
43%
On
43%
on
43%
Tesco.
43%
Tesco
43%
that
43%
We're
43%
alright
29%
can't
29%
cradle
29%
disco
29%
disco.
29%
Don't
29%
down
29%
eject.
29%
express
29%
fast
29%
free.
29%
From
29%
from
29%
graveyard,
29%
has
29%
horses
29%
I'll
29%
just
29%
know.
29%
need
29%
of
29%
over
29%
row.
29%
stop
29%
suspect
29%
through
29%
till
29%
time.
29%
track
29%
until
29%
wait.
29%
wrong.
29%
11.
14%
7-
14%
advice.
14%
all
14%
around
14%
ashamed
14%
at
14%
beauty.
14%
began
14%
chase
14%
did
14%
dimly
14%
door
14%
felt
14%
full
14%
get
14%
Hackney.
14%
hate.
14%
her
14%
inside
14%
insist.
14%
into
14%
let's
14%
lit
14%
loathing
14%
party
14%
pressed
14%
pulled
14%
reached
14%
room
14%
Safeway
14%
scriptures
14%
selling
14%
shopping
14%
shrivel
14%
sight
14%
souls
14%
station.
14%
that's
14%
their
14%
then
14%
Then
14%
They're
14%
things
14%
train
14%
twice.
14%
up
14%
why
14%
your
14%
against
0%
blue.
0%
booty.
0%
explain
0%
fall
0%
floor
0%
foretell
0%
gunnels,
0%
hey
0%
hold
0%
roam
0%
said
0%
shaking
0%
she's
0%
turned
0%
waiting
0%
No matching quizzes found
Score Distribution
Percent of People with Each Score
Percentile by Number Answered
Your Score History
You have not taken this quiz